Centroamérica: la derrota de los dogmas /
Guardado en:
| Hovedforfatter: | |
|---|---|
| Andre forfattere: | |
| Format: | Texto |
| Fag: | |
| Tags: |
Tilføj Tag
Ingen Tags, Vær først til at tagge denne postø!
|
MARC
| LEADER | 00000 a a2200000 04500 | ||
|---|---|---|---|
| 001 | 9338 | ||
| 003 | |||
| 040 | |||
| 100 | |a Rico, Maite | ||
| 245 | |a Centroamérica: |b la derrota de los dogmas / |c Maite Rico | ||
| 650 | |a DEMOCRACIA | ||
| 650 | |a DEMOCRATIZACION | ||
| 650 | |a PAZ | ||
| 650 | |a GUERRA | ||
| 650 | |a REVOLUCION | ||
| 700 | |a Grange, Bertrand de la | ||
| 773 | |g volumen 1, número 9; páginas 46-52 | ||
| 999 | |c 27837 |d 27837 | ||
